The tangled wood

Bibliographic Details
Main Author: Bromige, Iris
Format: Book
Published: Surrey : Severn House Publishers , 1990

MARC

LEADER 00000cam a2200000 7i4500
001 0000000798
002 000000900
005 20000330.0
020 |a 0727840436 
090 0 0 |a F   |b BRO 
100 1 |a Bromige, Iris 
245 1 4 |a The tangled wood   |c Iris Bromige 
260 |a Surrey :   |b Severn House Publishers ,   |c 1990 
300 |a 190 p. ;   |c 22 cm. 
999 |a 030760   |b BUKU   |c PINJAMAN   |e PERPUSTAKAAN KOMUNITI PETALING JAYA